MARC details
| 000 -CABECERA |
| campo de control de longitud fija |
01530nam a22002297a 4500 |
| 005 - FECHA Y HORA DE LA ÚLTIMA TRANSACCIÓN |
| campo de control |
20251014122146.0 |
| 008 - DATOS DE LONGITUD FIJA--INFORMACIÓN GENERAL |
| campo de control de longitud fija |
250901s2005 ag a|||br|||| 000 0 spa d |
| 020 ## - NÚMERO INTERNACIONAL NORMALIZADO PARA LIBROS |
| Número Internacional Normalizado del libro |
9879418603 |
| 040 ## - FUENTE DE CATALOGACIÓN |
| Agencia de catalogación original |
MX-MxUPN |
| 041 0# - |
| -- |
spa |
| 050 14 - |
| -- |
PN6071.C5 |
| -- |
B53 2005b |
| 100 1# - |
| -- |
Cinetto de González, Liliana Cristina, |
| -- |
1967- |
| -- |
32491 |
| 245 10 - MENCIÓN DE TÍTULO |
| Título |
Biblioteca de los pequeños lectores : cuentos maravillosos |
| 260 ## - PUBLICACION, DISTRIBUCION, ETC. (PIE DE IMPRENTA) |
| Lugar de publicación, distribución, etc. |
Buenos Aires, |
| Nombre del editor, distribuidor, etc. |
Círculo Latino Austral, |
| Fecha de publicación, distribución, etc. |
2005 |
| 300 ## - DESCRIPCIÓN FÍSICA |
| Extensión |
88 páginas : |
| Otros detalles físicos |
ilustraciones a color |
| 490 0# - |
| -- |
Biblioteca de los pequeños lectores |
| 500 ## - NOTA GENERAL |
| Nota general |
Donación Cerezo Rojas Karen Fabiola |
| 505 ## - |
| -- |
El aprendiz de brujo/ |
| -- |
versión libre del cuento popular europeo.-- |
| -- |
La princesa y el pastor/ |
| -- |
versión libre del cuento popular europeo.-- |
| -- |
La bola de cristal/ |
| -- |
versión libre del cuento recopilado por los hermanos Grimm.-- |
| -- |
Los siete conejos/ |
| -- |
versión libre del cuento popular español.-- |
| -- |
La reina de las abejas/ |
| -- |
versión libre del cuento recopilado por los hermanos Grimm.-- |
| -- |
La bruja del bosque/ |
| -- |
versión libre del cuento recopilado por los hermanos Grimm.-- |
| -- |
Los tres barcos/ |
| -- |
versión libre del cuento popular español.-- |
| -- |
La princesa mona/ |
| -- |
versión libre del cuento popular español.-- |
| -- |
El duende saltarín/ |
| -- |
versión libre del cuento recopilado por los hermanos Grimm.-- |
| -- |
El principe sapo/ |
| -- |
versión libre del cuento popular español |
| 650 #4 - |
| -- |
Cuentos infantiles |
| -- |
Colecciones |
| -- |
58165 |
| 902 ## - ELEMENTOS DE DATOS B LOCAL, LDB (RLIN) |
| Creó |
MarisolLicea/01092025 |
| Modificó |
Berenice Martínez/141025 |
| 942 ## - ELEMENTOS DE PUNTO DE ACCESO ADICIONAL (KOHA) |
| Fuente del sistema de clasificación o colocación |
Library of Congress Classification |
| Tipo de ítem Koha |
Libro |